书目信息 |
| 书名: | Assembly required | |
| 作者: | Lawrence W. Lezotte, Kathleen M. McKee. | |
| 分册号: | ||
| 分册名: | 出版地: | Okemos, Mich. : |
|
| 出版社: | Effective Schools Products | |
| 出版时间: | c2002. | |
| 页数: | x, 228 p. : | |
| 开本: | 26 cm. | |
| 丛书名: | ||
| 中图分类号: | ||
| 科图分类号: | ||
| 其他分类号: | G511.9 | |
| 主题词: | ||
| 电子资源: | ||
| 000 | 00990cam a22002774a 450 | |
| 001 | E0735489077 | |
| 005 | 20070519095217.82 | |
| 008 | 031121s2002 miua b 000 0 eng | |
| 010 | @a2003283605 | |
| 020 | @a1883247209. | |
| 040 | @aDLC@cDLC@dDLC | |
| 042 | @apcc | |
| 050 | 00 | @aLB2822.8@b.L49 2002 |
| 082 | 00 | @a371.2@2 22 |
| 090 | @aG511.9 | |
| 099 | @dG511.9@ex20 | |
| 100 | 1 | @aLezotte, Lawrence W. |
| 245 | 10 | @aAssembly required :@ba continuous school improvement system / @cLawrence W. Lezotte, Kathleen M. McKee. |
| 260 | @aOkemos, Mich. :@bEffective Schools Products,@cc2002. | |
| 300 | @ax, 228 p. :@bill. ;@c26 cm. | |
| 504 | @aIncludes bibliographical references (p. 223-228). | |
| 650 | 0 | @aSchool improvement programs. |
| 700 | 1 | @aMcKee, Kathleen M. |
| 906 | @a7@bcbc@corignew@d2@encip@f20@gy-gencatlg | |
| 925 | 0 | @aacquire@b1 shelf copy@xpolicy default |
| 955 | @apx10 2003-11-21@cpx10 2003-11-21@dpx03 2003-12-01@epx03 2003-12-01 to Dewe@aaa05 2003-12-17y | |
| Assembly required : : a continuous school improvement system / / Lawrence W. Lezotte, Kathleen M. McKee.-Okemos, Mich. : : Effective Schools Products, , c2002. |
| x, 228 p. : : ill. ; ; 26 cm. |
| Includes bibliographical references (p. 223-228). |
| ISBN 1883247209. |
| ● |
| 相关链接 |
|
|
|
|
正题名:Assembly required
索取号:G511.9/x20
 
预约/预借
| 序号 | 登录号 | 条形码 | 馆藏地/架位号 | 状态 | 备注 |
| 1 | 10682 | 300106828 | 第二样本阅览室/ [索取号:G511.9/x20] | 在馆 | |
| 2 | 10683 | 300106837 | 第四借阅区/ [索取号:G511.9/x20] | 在馆 |